Pattern Recognition / (Record no. 15173)
[ view plain ]
| 000 -LEADER | |
|---|---|
| fixed length control field | 01133cam a22002894a 4500 |
| 001 - CONTROL NUMBER | |
| control field | 14983609 |
| 005 - DATE AND TIME OF LATEST TRANSACTION | |
| control field | 20071005130835.0 |
| 008 - FIXED-LENGTH DATA ELEMENTS--GENERAL INFORMATION | |
| fixed length control field | 070828s2009 maua |rb 001 0 eng |
| 020 ## - INTERNATIONAL STANDARD BOOK NUMBER | |
| International Standard Book Number | 1597492728 |
| 020 ## - INTERNATIONAL STANDARD BOOK NUMBER | |
| International Standard Book Number | 9781597492720 |
| 040 ## - CATALOGING SOURCE | |
| Original cataloging agency | DLC |
| Transcribing agency | DLC |
| Modifying agency | DLC |
| 050 00 - LIBRARY OF CONGRESS CALL NUMBER | |
| Classification number | TK7882.P3 |
| Item number | T46 2006 |
| 082 ## - DEWEY DECIMAL CLASSIFICATION NUMBER | |
| Edition number | 22 |
| Classification number | 006.4 |
| Item number | THE |
| 100 1# - MAIN ENTRY--PERSONAL NAME | |
| Personal name | Theodoridis, Sergios, |
| Dates associated with a name | 1951- |
| 9 (RLIN) | 23310 |
| 245 10 - TITLE STATEMENT | |
| Title | Pattern Recognition / |
| Statement of responsibility, etc | Sergios Theodoridis, Konstantinos Koutroumbas. |
| 250 ## - EDITION STATEMENT | |
| Edition statement | 4th ed. |
| 260 ## - PUBLICATION, DISTRIBUTION, ETC. (IMPRINT) | |
| Place of publication, distribution, etc | Burlington, MA. : |
| Name of publisher, distributor, etc | Academic Press, 2009 |
| Date of publication, distribution, etc | 2009 |
| 300 ## - PHYSICAL DESCRIPTION | |
| Extent | xvii, 961 p. : |
| Other physical details | ill. ; |
| Dimensions | 24 cm. |
| 504 ## - BIBLIOGRAPHY, ETC. NOTE | |
| Bibliography, etc | Includes bibliographical references and index |
| 650 #0 - SUBJECT ADDED ENTRY--TOPICAL TERM | |
| Topical term or geographic name as entry element | Pattern recognition systems. |
| 9 (RLIN) | 23311 |
| 653 ## - INDEX TERM--UNCONTROLLED | |
| Resource For college | |
| Arrived date list | April2011 |
| 700 1# - ADDED ENTRY--PERSONAL NAME | |
| Personal name | Koutroumbas, Konstantinos, |
| Dates associated with a name | 1967- |
| 9 (RLIN) | 23312 |
| 856 42 - ELECTRONIC LOCATION AND ACCESS | |
| Materials specified | Publisher description |
| Uniform Resource Identifier | <a href="http://www.loc.gov/catdir/enhancements/fy0742/2007279784-d.html">http://www.loc.gov/catdir/enhancements/fy0742/2007279784-d.html</a> |
| 942 ## - ADDED ENTRY ELEMENTS (KOHA) | |
| Source of classification or shelving scheme | Dewey Decimal Classification |
| Item type | Book - Borrowing |
| Withdrawn status | Item status | Source of classification or shelving scheme | Damaged status | Not for loan | Vendor | Home library | Current library | Shelving location | Date acquired | Source of acquisition | Cost, normal purchase price | Serial Enumeration / chronology | Total Checkouts | Full call number | Barcode | Date last seen | Date last borrowed | Koha item type |
|---|---|---|---|---|---|---|---|---|---|---|---|---|---|---|---|---|---|---|
| Dewey Decimal Classification | Baccah | Central Library | Central Library | Lower Floor | 26/04/2011 | 768.00 | 12158 | 1 | 006.4 THE | 000023388 | 15/07/2025 | 23/03/2014 | Book - Borrowing |